01395cas a2200301 a 450000100060000000300080000600500170001400800420003103500170007304000500009004100080014008200160014824500770016426000470024130000270028850000410031551500430035655001150039965000490051471000440056371000480060778500840065593600150073994200120075499900170076695201560078395201540093911522BD-RjUL20211208235135.0140127d1966 1900pk x f0 a0eng  aBD-RjUL11571 aDLCcDLCdDLCdICRLdOCoLCdDLCdBD-RjULbeng aeng a343.549105600aPakistan customs tariff /cGovernment of Pakistan, Ministry of Commerce. aKarachi :bManager of Publications,c1966. aviii ,287 p .:c28 cm. aDescription based on: 1st July 1960. aNumbering begins with 2nd ed. in 1965. aIssued by: Ministry of Commerce, <1960>-1968/59; by: Ministry of Finance, Central Board of Revenue, 1971-1979. 0aTariffxLaw and legislationzPakistan.994911 aPakistan.bMinistry of Commerce.9356461 aPakistan.bCentral Board of Revenue.93564700tPakistan customs tariff & import trade guidew(DLC) 88647445w(OCoLC)17958290 aAACR2=ICRL 2ddccBK c11522d11522 00102ddc40718NFICaRUCLbRUCLcReadingd1968-02-07eWassi book cor. daccag6.50l0o343.5491056 PAK 1966r2014-01-27 00:00:00tC-1w2014-01-27yBK 00102ddc40708NFICaRUCLbRUCLcStackd1968-07-01eWarsi book corporationg6.50l0o343.5491056 PAK 1966r2016-12-21 00:00:00tC-2w2016-12-21yBK